000 00596nam a2200229Ia 4500
003 OSt
005 20220924151902.0
006 a|||||r|||| 00| 0
007 ta
008 220923b |||||||| |||| 00| 0 mar d
024 _a339446
037 _cTextual
040 _aARTS
_cARTS
_bmar
041 _2mar
_amar
082 _aO155:g(P:7), N6
100 _aGhongade R. Au.
_9225167
245 0 _aShilee-Vaidnyanik Sameeksha
260 _c1996
650 _aMARATHI LITERATURE
_938000
942 _hO155:g(P:7), N6
_cTEXL
_2CC
999 _c467929
_d467929